00000000nam##2200000za#4500
0019.600374
003CaOODSP
00520210624205540
007cr |||||||||||
008150406|2001||||xxc|||||o    f|0| 0 fre|d
040 |aCaOODSP|bfre
043 |an-cn---
0861 |aBT31-4/14-2001F-PDF
1101 |aCanada. |bConseil du trésor.
24510|aTransports Canada, rapport sur le rendement pour la période se terminant le 31 mars 2001 |h[ressource électronique]
2463 |aTransports Canada, rapport ministériel sur le rendement pour la période se terminant le 31 mars 2001
260 |aOttawa - Ontario : |bSecrétariat du Conseil du Trésor du Canada |cc2001.
300 |a55p.|bfigures en couleur, graphiques, ill. (certaines en couleur), organigramme, tableaux, photographies, index
4901 |aRapport sur le rendement pour la période se terminant le 31 mars 2001 |vPour la période se terminant le 31 mars 2001
500 |aLe n° de catalogue (BT31-4/14-2001) et l’ISBN (0-660-61735-8) de l'édition imprimée bilingue ont été incorrectement copiés dans cette édition électronique.
590 |a11-04-Supp|b2011-02-17
77508|tTransport Canada, performance report for the period ending March 31, 2001 |w(CaOODSP)9.569136
7760#|tTransports Canada |w(CaOODSP)9.535631
7760#|tTransport Canada |w(CaOODSP)9.535630
830#0|aRapport sur le rendement pour la période se terminant le 31 mars 2001 ;|vPour la période se terminant le 31 mars 2001|w(CaOODSP)9.502710
85640|ahttp://publications.gc.ca|qPDF|s682 Ko|uhttps://publications.gc.ca/collections/Collection/BT31-4-14-2001F.pdf|yPour la période se terminant le 31 mars 2001